Catálogo
 En Linea

40 Años en Santo Domingo narraciones históricas 1911 a 1953 / (Registro nro. 30528)

Detalles MARC
000 -CABECERA
campo de control de longitud fija 01034nam a2200289 i 4500
001 - NÚMERO DE CONTROL
campo de control 000031036
003 - IDENTIFICADOR DEL NÚMERO DE CONTROL
campo de control DO-SdBNP
005 - FECHA Y HORA DE LA ÚLTIMA TRANSACCIÓN
campo de control 20250519102418.0
007 - CAMPO FIJO DE DESCRIPCIÓN FÍSICA--INFORMACIÓN GENERAL
campo de control de longitud fija ta
008 - DATOS DE LONGITUD FIJA--INFORMACIÓN GENERAL
campo de control de longitud fija 110610s1956 dr 000 0 spa d
040 ## - FUENTE DE LA CATALOGACIÓN
Centro catalogador/agencia de origen DO-SdBNP
Lengua de catalogación spa
Centro/agencia transcriptor BNPHU
Normas de descripción rda
041 ## - CÓDIGO DE LENGUA
Código de lengua original spa
082 #4 - NÚMERO DE LA CLASIFICACIÓN DECIMAL DEWEY
Número de clasificación 972.93053
Número de documento/Ítem R175c
Número de edición 22
100 1# - ENTRADA PRINCIPAL--NOMBRE DE PERSONA
Nombre de persona Ramos Camacho, Max.
Término indicativo de función/relación autor
9 (RLIN) 57525
245 10 - MENCIÓN DE TÍTULO
Título 40 Años en Santo Domingo narraciones históricas 1911 a 1953 /
Mención de responsabilidad, etc. Max Ramos Camacho.
246 10 - FORMA VARIANTE DE TÍTULO
Título propio/Titulo breve Cuarenta años en Santo Domingo narraciones históricas 1911 a 1953
264 ## - PRODUCCIÓN, PUBLICACIÓN, DISTRIBUCIÓN, FABRICACIÓN Y COPYRIGHT
Producción, publicación, distribución, fabricación y copyright Ciudad Trujillo, República Dominicana :
Nombre del de productor, editor, distribuidor, fabricante Editora del Caribe,
Fecha de producción, publicación, distribución, fabricación o copyright 1956.
300 ## - DESCRIPCIÓN FÍSICA
Extensión 105 páginas ;
Dimensiones 25 cm.
336 ## - TIPO DE CONTENIDO
Término de tipo de contenido rdacontent
Código de tipo de contenido texto
Fuente txt
337 ## - TIPO DE MEDIO
Nombre/término del tipo de medio rdamedia
Código del tipo de medio sin mediación
Fuente n
338 ## - TIPO DE SOPORTE
Nombre/término del tipo de soporte rdacarrier
Código del tipo de soporte volumen
Fuente nc
500 ## - NOTA GENERAL
Nota general Año del benefator de la p
590 ## - NOTA LOCAL (RLIN)
Nota local Inventariado. MAA
650 #7 - PUNTO DE ACCESO ADICIONAL DE MATERIA--TÉRMINO DE MATERIA
Término de materia o nombre geográfico como elemento de entrada República Dominicana
Subdivisión general Historia, 1911-1953
Subdivisión de forma Relatos personales
Fuente del encabezamiento o término LEMB
9 (RLIN) 78032
910 ## - DATOS DE OPCIÓN DEL USUARIO (OCLC)
Datos de opción del usuario Inventariado.Validado. Control de calidad MAA
942 ## - ELEMENTOS DE PUNTO DE ACCESO ADICIONAL (KOHA)
Fuente del sistema de clasificación o colocación Dewey Decimal Classification
Tipo de ítem Koha Libro
Existencias
Estado de retiro Estado de pérdida Fuente del sistema de clasificación o colocación No para préstamo Código de colección Localización permanente Ubicación/localización actual Ubicación en estantería Fecha de adquisición Número de inventario Total de préstamos Signatura topográfica completa Código de barras Fecha visto por última vez Precio válido a partir de Tipo de ítem Koha Nota pública Número de copia Restricciones de uso Fuente de adquisición
    Dewey Decimal Classification   Dominicana de Servicio Biblioteca Nacional Pedro Henríquez Ureña Biblioteca Nacional Pedro Henríquez Ureña En catalogación 12.11.2024     BNPHU DS 972.93053 R175c 2024-6367 12.11.2024 12.11.2024 Libro Pertenecio a la biblioteca personal de Emilio Cordero Michel e.3 Préstamo en sala Donado por la Presidencia de la República Dominicana 2023
    Dewey Decimal Classification Excluido de préstamo Raros y valiosos Biblioteca Nacional Pedro Henríquez Ureña Patrimonio Dominicano Depósito 10.06.2011 LF1   BNPHU PD-RV 972.93053 R175c 31036-10 25.06.2020 25.06.2020 No se presta Perteneció a la biblioteca personal de Martínez Boog.      
    Dewey Decimal Classification Excluido de préstamo Raros y valiosos Biblioteca Nacional Pedro Henríquez Ureña Patrimonio Dominicano Depósito 10.06.2011 LF1   BNPHU PD-RV 972.93053 R175c 31036-20 25.06.2020 25.06.2020 No se presta Perteneció a la biblioteca personal de Martínez Boog. e . 2    

Con tecnología Koha